| 000 | 00660nam a2200181Ia 4500 | ||
|---|---|---|---|
| 008 | 230921s9999||||xx |||||||||||||| ||und|| | ||
| 020 | _a978-3-319-90312-5 | ||
| 022 | _a2190-5436 | ||
| 041 | _aEN | ||
| 100 | _aReda Alhajj, H. Ulrich Hoppe, Tobias Hecking, Piotr Bródka, Przemyslaw Kazienko | ||
| 245 | 0 | _aNetwork Intelligence Meets User Centered Social Media Networks | |
| 250 | _a1st ed. 2018 | ||
| 260 |
_c2018 _bSpringer International Publishing |
||
| 440 | _aLecture Notes in Social Networks | ||
| 856 | _uhttps://doi.org/10.1007/978-3-319-90312-5 | ||
| 856 | _uhttps://link.springer.com/openurl?genre=book&isbn=978-3-319-90312-5 | ||
| 942 | _cEB | ||
| 999 |
_c251834 _d251834 |
||